Tập tục Mường Trám
Tập tục hôn nhân, cưới xin, tập tục trong sinh đẻ và nuôi dưỡng, tập tục tín ngưỡng, tập tục trong sản xuất, tập tục ở và trang phục, tập tục ứng xử trong giao tiếp, tập tục trong tang ma.
Spremljeno u:
| Autor kompanije: | |
|---|---|
| Format: | Knjiga |
| Jezik: | Undetermined |
| Izdano: |
Hà Nội
Thời đại
2013
|
| Teme: | |
| Oznake: |
Dodaj oznaku
Bez oznaka, Budi prvi tko označuje ovaj zapis!
|
| Thư viện lưu trữ: | Trung tâm Học liệu Trường Đại học Cần Thơ |
|---|
| LEADER | 00974nam a2200217Ia 4500 | ||
|---|---|---|---|
| 001 | CTU_187396 | ||
| 008 | 210402s9999 xx 000 0 und d | ||
| 082 | |a 390.0959741 | ||
| 082 | |b H452 | ||
| 110 | |a Hội văn nghệ dân gian Việt Nam | ||
| 245 | 0 | |a Tập tục Mường Trám | |
| 245 | 0 | |c Trương Công Nhói (Sưu tầm, biên soạn) | |
| 260 | |a Hà Nội | ||
| 260 | |b Thời đại | ||
| 260 | |c 2013 | ||
| 520 | |a Tập tục hôn nhân, cưới xin, tập tục trong sinh đẻ và nuôi dưỡng, tập tục tín ngưỡng, tập tục trong sản xuất, tập tục ở và trang phục, tập tục ứng xử trong giao tiếp, tập tục trong tang ma. | ||
| 650 | |a Manners and customs,Phong tục tập quán | ||
| 650 | |x Folklore,Văn hóa dân gian | ||
| 650 | |z Vietnam,Việt Nam | ||
| 910 | |a Hải | ||
| 980 | |a Trung tâm Học liệu Trường Đại học Cần Thơ | ||